Linkin Park Diskografie (2000 - 2017) - Statistiken

Allgemein
  • Dieses Quiz wurde 283 mal gespielt
  • Das Durchschnittsergebnis liegt bei 27 aus 86
Antwortstatistiken
Album Songtitel % Korrekt
Hybrid Theory In The End
94%
Meteora Numb
93%
Hybrid Theory Crawling
75%
One More Light One More Light
74%
Hybrid Theory Papercut
70%
LIVING THINGS BURN IT DOWN
66%
Meteora Faint
66%
Hybrid Theory One Step Closer
66%
Minutes To Midnight What I've Done
66%
LIVING THINGS CASTLE OF GLASS
64%
Minutes To Midnight Given Up
56%
Meteora Breaking The Habit
54%
Meteora Somewhere I Belong
53%
Minutes To Midnight Bleed It Out
52%
One More Light Heavy
51%
Meteora Figure.09
47%
Hybrid Theory Runaway
46%
Hybrid Theory With You
45%
Minutes To Midnight Leave Out All The Rest
44%
Meteora From The Inside
41%
Hybrid Theory Points Of Authority
40%
A Thousand Suns The Catalyst
40%
A Thousand Suns Waiting For The End
40%
Meteora Don't Stay
39%
Hybrid Theory A Place For My Head
38%
Meteora Lying From You
37%
Minutes To Midnight Shadow Of The Day
37%
Hybrid Theory Forgotten
36%
LIVING THINGS LOST IN THE ECHO
36%
The Hunting Party Final Masquerade
35%
Meteora Nobody's Listening
33%
Hybrid Theory By Myself
32%
Meteora Easier To Run
32%
Hybrid Theory Cure For The Itch
31%
Meteora Hit The Floor
31%
Hybrid Theory Pushing Me Away
31%
LIVING THINGS IN MY REMAINS
30%
Minutes To Midnight No More Sorrow
29%
Meteora Session
29%
One More Light Talking To Myself
29%
A Thousand Suns Burning In The Skies
27%
Minutes To Midnight In Pieces
27%
Minutes To Midnight Valentine's Day
26%
A Thousand Suns Iridescent
25%
A Thousand Suns Robot Boy
25%
One More Light Battle Symphony
24%
Meteora Foreword
24%
Minutes To Midnight In Between
23%
LIVING THINGS POWERLESS
23%
One More Light Sharp Edges
23%
The Hunting Party Until It's Gone
22%
Minutes To Midnight Hands Held High
21%
The Hunting Party Keys To The Kingdom
21%
A Thousand Suns The Messenger
21%
A Thousand Suns Wretches And Kings
21%
A Thousand Suns Blackout
20%
One More Light Good Goodbye
20%
Minutes To Midnight The Little Things Give You Away
20%
The Hunting Party Wastelands
20%
The Hunting Party A Line In The Sand
19%
One More Light Nobody Can Save Me
19%
LIVING THINGS ROADS UNTRAVELED
19%
One More Light Invisible
18%
LIVING THINGS VICTIMIZED
18%
Minutes To Midnight Wake
18%
The Hunting Party Guilty All The Same
17%
The Hunting Party Rebellion
17%
The Hunting Party War
17%
A Thousand Suns When They Come For Me
17%
The Hunting Party All For Nothing
16%
One More Light Halfway Right
16%
LIVING THINGS I'LL BE GONE
16%
LIVING THINGS LIES GREED MISERY
16%
One More Light Sorry For Now
16%
A Thousand Suns The Requiem
16%
LIVING THINGS TINFOIL
13%
A Thousand Suns Fallout
12%
LIVING THINGS SKIN TO BONE
12%
LIVING THINGS UNTIL IT BREAKS
12%
A Thousand Suns Wisdom, Justice, And Love
12%
The Hunting Party Mark The Graves
11%
A Thousand Suns The Radiance
11%
The Hunting Party Drawbar
9%
A Thousand Suns Empty Spaces
9%
A Thousand Suns Jornada Del Muerto
9%
The Hunting Party The Summoning
8%
Keine übereinstimmenden Quizze gefunden
Verteilung der Resultate
Anzahl Personen mit jedem Resultat
Perzentil nach korrekt beantworteten Fragen
Ihre Resultats-Entwicklung
Sie haben dieses Quiz noch nicht gespielt